Tennis - Quiz sur Andy Murray - Statistiques

Statistiques générales
  • Ce quiz a été pris 130 fois
    66 depuis la dernière actualisation
  • Le résultat moyen est 24 sur 40
Statistiques - réponses
Question Réponse % Correct
Année de naissance 1987
93%
Meilleur classement à l'ATP 1er
91%
Nombre de titres en Grand Chelem 3
91%
Année de sa meilleure saison 2016
89%
Nombre de finales en Grand Chelem 11
88%
Devenu professionnel en 2005
88%
Nombre de finales perdues à l'Open d'Australie 5
84%
Nombre de titres remportés sur l'année juste ci-dessus 9
80%
Année où il annonce en larmes l'arrêt de sa carrière sportive (avant de revenir sur sa décision) 2019
79%
Joueur qu'il a le plus battu dans sa carrière (16 fois, indice: France) Gilles Simon
77%
Nombre de titres en Masters 1000 14
73%
Surface sur laquelle il a remporté le plus de titres Dur
73%
Il a affronté ce joueur en finale de tous les Grands Chelems Novak Djokovic
71%
Année où il remporte la Coupe Davis avec la Grande-Bretagne 2015
70%
Nombre de défaites au premier tour de Wimbledon en simple 0
66%
Il termine 1er du classement ATP en 2016 en battant ce joueur en finale du Masters Novak Djokovic
66%
Nombre de victoires en carrière contre le "Big 3" (Nadal, Djokovic et Federer) 29
64%
Durée de sa carrière en années 19
63%
Année de la fin de sa carrière après un enchaînement de blessures 2024
63%
Il est le seul joueur de l'histoire à avoir remporté deux fois ce tournoi en simple Jeux Olympiques
63%
Il a battu Rafael Nadal sur terre battue en finale de ce tournoi prestigieux Madrid
63%
Joueur qu'il a battu en finale de Wimbledon 2016 Milos Raonic
63%
Ville de naissance Glasgow
61%
Nombre de semaines passées en tête du classement ATP 41
59%
Nombre de titres en carrière 46
59%
Partie du corps qui aura causé son déclin sportif Hanche
59%
Masters 1000 qu'il a le plus remporté (3 fois) Open du Canada / Shanghai
57%
Il bat Carlos Alcaraz, futur numéro 1 mondial à 19 ans, lors de ce Masters 1000 en 2021 Indian Wells
55%
Seul grand tournoi (Grand Chelem et Masters 1000) où il n'a jamais atteint la finale Monte-Carlo
55%
Nombre de fois où il a abandonné dans un match au cours de sa carrière 3
54%
Recordman du nombre de titres dans l'histoire de ce tournoi (5 titres) Queen's
48%
Equipe battue par la Grande-Bretagne en finale pour gagner la Coupe Davis Belgique
46%
Pour le 1000ème match de sa carrière, il a battu cet Australien au Queen's 2024 Alexei Popyrin
32%
Il remporte son dernier Masters 1000 à Paris-Bercy en 2016 contre ce joueur John Isner
29%
Partie du corps où il s'est blessé contre Tomas Machac à Miami en 2024 Cheville
25%
Partenaire de jeu en double mixte durant les JO de Londres 2012 Laura Robson
18%
Tournoi dans lequel il a obtenu la 500ème victoire de sa carrière sur dur en 2024 Dubaï
14%
Mené 2 manches à 0, il remporte finalement ce quart de finale à Wimbledon 2013 contre ce joueur Fernando Verdasco
14%
Il a subi la plus large défaite de sa carrière à Doha 2022 contre ce joueur (6/0, 6/1) Roberto Bautista-Agut
7%
En 8 matchs contre ce joueur, il n'a jamais perdu le moindre set David Goffin
4%
Aucun quiz correspondant
Distribution des résultats
% des personnes avec chaque résultat
Percentile par nombre de réponses
Votre historique - résultats
Vous n’avez pas pris ce quiz depuis la dernière actualisation